Mi cuerpo es mi lenguaje: expresión corporal de la danza

Bewaard in:
Bibliografische gegevens
Hoofdauteurs: Bozzini de Marrazzo, María Cristina (Auteur), Marrazzo, Teófilo Mario (Auteur)
Formaat: Boek
Taal:Spaans
Gepubliceerd in: Buenos Aires Ciordia 1975
Onderwerpen:
Tags: Voeg label toe
Geen labels, Wees de eerste die dit record labelt!

MARC

LEADER 00000nam a2200000 a 4500
001 UCY9348
003 CL-VaPUC
008 950717e19750000AG |||||||||||||||||spa|d
082 0 4 |a 792.8  |b BOZ  |2 21 
100 0 |a Bozzini de Marrazzo, María Cristina  |e author  |9 341446 
700 0 |a Marrazzo, Teófilo Mario  |e author  |9 341447 
245 1 0 |a Mi cuerpo es mi lenguaje: expresión corporal de la danza 
300 |a 283 p 
942 |c BK 
945 |d 19950717 00:00:00  |a mfernand 
260 |a Buenos Aires  |b Ciordia  |c 1975 
650 0 |a Danza  |9 328568 
650 0 |a Expresión corporal  |9 308898 
650 7 |a ESTUDIO DE LOS MOVIMIENTOS CORPORALES  |2 CL-VaPUC  |9 341448 
583 |a last modification  |c 19950717 00:00:00  |k Rodrigo Vera 
999 |c 236459  |d 236457 
952 |0 0  |1 0  |4 0  |6 792_800000000000000_BOZ_1975  |7 0  |8 P  |9 244557  |a BIBEDU  |b BIBEDU  |c BIBEDU_PB  |d 2019-11-18  |i 1533223  |o 792.8 BOZ 1975  |p 1533223  |r 2024-01-25  |w 2019-11-18  |y BK  |k EDU